| 000 | 00396nam a22001337a 4500 | ||
|---|---|---|---|
| 040 | _cSINES-NUST | ||
| 082 |
_a547.12 _bREH |
||
| 100 |
_aMajeed ur Rehman Malik. _9111745 |
||
| 245 |
_aTextbook of Chemistry Grade 11 / _cMajeed ur Rehman. |
||
| 260 |
_aIslamabad: _bInter Graphic Printers, _c2015. |
||
| 300 |
_a356 p. : _bill. ; _c30cm. |
||
| 650 |
_xChemistry Grade 11 _9111746 |
||
| 942 |
_2ddc _cTEXT |
||
| 999 |
_c594435 _d594435 |
||